Ngôn ngữ học đối chiếu
TriÌ€nh baÌ€y khaÌi quaÌt caÌc vâÌn đêÌ€ cơ bản của ngôn ngữ hoÌ£c đôÌi chiêÌu môÌ£t phân ngaÌ€nh ngôn ngữ hoÌ£c coÌ giaÌ triÌ£ ưÌng duÌ£ng cao: phaÌ£m vi ưÌng duÌ£ng; cơ sở nghiên cưÌu; nguyên tăÌc vaÌ€ phương phaÌp đôÌi c...
Đã lưu trong:
| Príomhúdar: | |
|---|---|
| Formáid: | Leabhar |
| Teanga: | Undetermined |
| Foilsithe: |
H.
GiaÌo duÌ£c
2008
|
| Ábhair: | |
| Rochtain Ar Líne: | http://lrc.tdmu.edu.vn/opac/search/detail.asp?aID=2&ID=7539 |
| Clibeanna: |
Cuir Clib Leis
Gan Chlibeanna, Bí ar an gcéad duine leis an taifead seo a chlibeáil!
|
| Thư viện lưu trữ: | Trung tâm Học liệu Trường Đại học Thủ Dầu Một |
|---|
| LEADER | 01357nam a2200205Ia 4500 | ||
|---|---|---|---|
| 001 | TDMU_7539 | ||
| 008 | 210410s9999 xx 000 0 und d | ||
| 082 | |a 410 | ||
| 090 | |b B534 | ||
| 100 | |a Bùi, Mạnh Hùng | ||
| 245 | 0 | |a Ngôn ngữ học đối chiếu | |
| 245 | 0 | |c Bùi Mạnh Hùng | |
| 260 | |a H. | ||
| 260 | |b GiaÌo duÌ£c | ||
| 260 | |c 2008 | ||
| 300 | |a 288tr. | ||
| 520 | |a TriÌ€nh baÌ€y khaÌi quaÌt caÌc vâÌn đêÌ€ cơ bản của ngôn ngữ hoÌ£c đôÌi chiêÌu môÌ£t phân ngaÌ€nh ngôn ngữ hoÌ£c coÌ giaÌ triÌ£ ưÌng duÌ£ng cao: phaÌ£m vi ưÌng duÌ£ng; cơ sở nghiên cưÌu; nguyên tăÌc vaÌ€ phương phaÌp đôÌi chiêÌu ngôn ngữ; caÌc biÌ€nh diêÌ£n nghiên cưÌu vaÌ€ môÌ£t sôÌ thử nghiêÌ£m phân tiÌch đôÌi chiêÌu ngôn ngữ.; AV090 Ngôn ngữ học đối chiếu | ||
| 650 | |a Ngôn ngữ hoÌ£c đôÌi chiêÌu; Ngôn ngữ; Ngôn ngữ hoÌ£c; ĐôÌi chiêÌu | ||
| 856 | |u http://lrc.tdmu.edu.vn/opac/search/detail.asp?aID=2&ID=7539 | ||
| 980 | |a Trung tâm Học liệu Trường Đại học Thủ Dầu Một | ||